000 00842nam a22002297a 4500
999 _c8108
_d8108
003 AR-CdUCM
008 190322b ||||| |||| 00| 0 spa d
020 _a84-291-4052-2
040 _aMUNICIPALIDAD PROVINCIAL DEL CUSCO
_cBIBLIOTECA MUNICIPAL DEL CUSCO
082 _a541 /
_bH78
100 _aHougen, O. A.
_921521
245 _aPrincipio de lo procesos químicos :
_bParte II termodinámica /
260 _aBarcelona :
_bReverte,
_c1975.
300 _a569 páginas ;
_c22 cm.
505 _aContenido : Parte II : Termodinámica -- Tabla de símbolos -- Principios termodinámicos -- Propiedades de los fluidos puros -- Expansión y comprensión de fluidos ...
650 _aTermodinámica
_919746
650 _aFluidos
_918908
650 _aCiencia
_92098
700 _aWatson, K. M.
_921524
942 _2ddc
_cLIBROS
945 _arah